Living and office operating costs in El Salvador.

Bibliographic Details
Other Authors: Stanton, W. Quincy
Format: Government Document eBook
Language:English
Published: Washington, D.C. : [publisher not identified], 1932.
Series:Regional Info. Div. Spec. Circ. No. 74 (rev.)
Subjects:
Online Access:Connect to the full text of this electronic document

MARC

Tag First Indicator Second Indicator Subfields
LEADER 00000cam a22000001a 4500
001 in00003680521
005 20190408174951.0
006 m o d f
007 cr bn mmmapmmp
008 040714s1932 dcu o f000 0 eng d
035 |a ebd1910204008 
040 |a UMI  |c UMI  |d UtOrBLW 
086 0 |a C 18.142:74/rev. 
099 |a C18.142-74 
245 0 0 |a Living and office operating costs in El Salvador. 
264 1 |a Washington, D.C. :  |b [publisher not identified],  |c 1932. 
300 |a 1 online resource (4 pages) 
336 |a text  |b txt  |2 rdacontent 
337 |a computer  |b c  |2 rdamedia 
338 |a online resource  |b cr  |2 rdacarrier 
490 0 |a Regional Info. Div. Spec. Circ. No. 74 (rev.) 
500 |a [On conditions and amenities available to foreign residents; with some data] 
500 |a Record is based on bibliographic data in ProQuest U.S. Executive Branch Documents, 1910-1932. Reuse except for individual research requires license from ProQuest, LLC. 
533 |a Electronic reproduction.  |b [Bethesda, Md.] :  |c ProQuest,  |d 2012.  |e digital, PDF file.  |n ProQuest U.S. Executive Branch Documents, 1910-1932.  |n Mode of access: World Wide Web via ProQuest website. 
538 |a System requirements: PDF reader software. 
500 |a Electronic resource. 
650 0 |a Office procedures  |x Costs. 
655 7 |a Electronic books.  |2 local 
700 1 |a Stanton, W. Quincy. 
776 1 8 |i Microfiche version:  |t Living and office operating costs in El Salvador  |o CIS US Exec MF C18.142-74  |w (ProQuest)cis19123713 
856 4 0 |u http://proxy.library.tamu.edu/login?url=http://congressional.proquest.com/congressional/docview/t66.d71.c18.142-74  |z Connect to the full text of this electronic document  |t 0 
999 f f |s 55556300-8ff6-3a32-b05e-9c9ec32d8974  |i 983283e5-d478-3997-894f-27ed239f4940  |t 0 
952 f f |a Texas A&M University  |b College Station  |c Electronic Resources  |d Available Online  |t 0  |h No information provided 
998 f f |t 0  |l Available Online